Actors who worked with Paul Greengrass - Statistics

General Stats
  • This quiz has been taken 9 times
  • The average score is 12 of 40
Answer Stats
Film(s) Answer % Correct
The Bourne Supremacy, The Bourne Ultimatum, Green Zone, Jason Bourne Matt Damon
100%
Captain Phillips, News of the World Tom Hanks
88%
Jason Bourne Alicia Vikander
63%
Jason Bourne Tommy Lee Jones
63%
Captain Phillips Barkhad Abdi
50%
The Bourne Supremacy, The Bourne Ultimatum, Jason Bourne Julia Stiles
50%
Jason Bourne Vincent Cassel
50%
Green Zone Brendan Gleeson
38%
The Bourne Supremacy Brian Cox
38%
The Theory of Flight Gemma Jones
38%
Green Zone Jason Isaacs
38%
The Bourne Supremacy Karl Urban
38%
Jason Bourne Riz Ahmed
38%
Green Zone Amy Ryan
25%
Captain Phillips Catherine Keener
25%
United 93, The Bourne Ultimatum, Captain Phillips Corey Johnson
25%
The Bourne Ultimatum David Strathairn
25%
The Bourne Supremacy Gabriel Mann
25%
Green Zone Greg Kinnear
25%
The Theory of Flight Helena Bonham Carter
25%
News of the World Helena Zengel
25%
Bloody Sunday James Nesbitt
25%
The Bourne Supremacy, The Bourne Ultimatum, Jason Bourne Joan Allen
25%
The Theory of Flight Kenneth Branagh
25%
The Bourne Supremacy Michelle Monaghan
25%
The Theory of Flight Ray Stevenson
25%
The Bourne Ultimatum Scott Glenn
25%
The Bourne Ultimatum Albert Finney
13%
The Lost Bus America Ferrera
13%
Jason Bourne, News of the World Bill Camp
13%
United 93 Cheyenne Jackson
13%
The Bourne Ultimatum Daniel Brühl
13%
Resurrected David Thewlis
13%
The Bourne Ultimatum Édgar Ramírez
13%
The Lost Bus Matthew McConaughey
13%
The Bourne Ultimatum Paddy Considine
13%
Resurrected Rita Tushingham
13%
Resurrected Tom Bell
13%
Resurrected Steve Coogan
0%
The Bourne Supremacy, The Bourne Ultimatum Tom Gallop
0%
No matching quizzes found
Score Distribution
Percent of People with Each Score
Percentile by Number Answered
Your Score History
You have not taken this quiz